| 000 | 00439nam a22001217a 4500 | ||
|---|---|---|---|
| 008 | 230703b xxu||||| |||| 00| 0 eng d | ||
| 082 |
_a350 _bNTI |
||
| 100 | _cGOK | ||
| 245 |
_aThe Role of the Public Service in African Development _bReport of the Seminar for Members of the Public Service Commission held at Oceanic Hotel, Mombasa, Kenya 29th November to 5th December 1972 |
||
| 260 |
_aKenya _bGOK _c1972 |
||
| 300 | _a87p | ||
| 942 |
_2ddc _cBK |
||
| 999 |
_c3138 _d3138 |
||